Mythical Pokémon - Statistics

General Stats
  • This quiz has been taken 157 times
    75 since last reset
  • The average score is 13 of 23
Answer Stats
Generation Pokémon % Correct
Generation 1 Mew
97%
Generation 2 Celebi
74%
Generation 4 Darkrai
69%
Generation 3 Jirachi
69%
Generation 3 Deoxys
68%
Generation 4 Shaymin
68%
Generation 5 Victini
66%
Generation 4 Arceus
65%
Generation 5 Meloetta
58%
Generation 4 Manaphy
56%
Generation 4 Phione
56%
Generation 6 Diancie
52%
Generation 5 Genesect
52%
Generation 6 Hoopa
52%
Generation 7 Zeraora
50%
Generation 5 Keldeo
48%
Generation 6 Volcanion
48%
Generation 7 Marshadow
44%
Generation 7 Melmetal
44%
Generation 7 Meltan
44%
Generation 7 Magearna
42%
Generation 8 Zarude
40%
Generation 9 Pecharunt
37%
No matching quizzes found
Score Distribution
Percent of People with Each Score
Percentile by Number Answered
Your Score History
You have not taken this quiz since the last reset